[Event "ARG-chT Magistral"]
[Site "Buenos Aires"]
[Date "2005.06.14"]
[Round "7"]
[White "Labollita, Martin"]
[Black "Andres Mendez, Miguel"]
[Result "1-0"]
[WhiteElo "2383"]
[BlackElo "2374"]
[PlyCount "67"]
[EventDate "2005.05.24"]
[EventType "team"]
[EventRounds "7"]
[EventCountry "ARG"]
[SourceTitle "CBM 106 Extra"]
[Source "ChessBase"]
[SourceDate "2005.07.01"]
[SourceVersion "1"]
[SourceVersionDate "2005.07.01"]
[SourceQuality "1"]

1. c4 g6 2. Nc3 c5 3. g3 Bg7 4. Bg2 Nc6 5. h4 Nf6 6. Nh3 0-0 7. Nf4 h6 8. b3 e6 9. Bb2 Ne7 10. Rc1 d6 11. e3 d5 12. Na4 b6 13. g4 e5 14. g5 hxg5 15. hxg5 Nh7 16. Nxd5 Rb8 17. Rxh7 Kxh7 18. Nf6+ Bxf6 19. gxf6 Nf5 20. Bxe5 Nh4 21. Bd5 Rb7 22. f4 Rh8 23. Nc3 Kg8 24. Kf2 Rd7 25. e4 Rh5 26. Qe2 Qf8 27. Rg1 Qh6 28. Qe3 Rd8 29. Nb5 Rd7 30. Nd6 Qf8 31. Nxc8 Qxc8 32. Qh3 Kf8 33. Rxg6 Rh8 34. Bd6+ 1-0

[Event "ARG-chT Magistral"]
[Site "Buenos Aires"]
[Date "2005.06.09"]
[Round "6"]
[White "Andres Mendez, Miguel"]
[Black "Lafuente, Pablo"]
[Result "1/2-1/2"]
[WhiteElo "2374"]
[BlackElo "2442"]
[PlyCount "47"]
[EventDate "2005.05.24"]
[EventType "team"]
[EventRounds "7"]
[EventCountry "ARG"]
[SourceTitle "CBM 106 Extra"]
[Source "ChessBase"]
[SourceDate "2005.07.01"]
[SourceVersion "1"]
[SourceVersionDate "2005.07.01"]
[SourceQuality "1"]

1. e4 c5 2. Nf3 e6 3. d4 cxd4 4. Nxd4 Nc6 5. Nc3 Qc7 6. g3 a6 7. Bg2 Nge7 8. 0-0 Nxd4 9. Qxd4 Nc6 10. Qd2 Be7 11. b3 0-0 12. Bb2 d6 13. Nd1 b5 14. Ne3 Rd8 15. c4 Bb7 16. Rac1 Qb6 17. Nd5 exd5 18. cxd5 Bf8 19. dxc6 Bxc6 20. Qd4 Qb7 21. Rc2 Re8 22. f3 Bd7 23. Rfc1 Rac8 24. Rxc8 1/2-1/2

[Event "Buenos Aires Boca op"]
[Site "Buenos Aires"]
[Date "2001.09.24"]
[Round "6"]
[White "Perez Pietronave, Carlos"]
[Black "Andres Mendez, Miguel"]
[Result "0-1"]
[WhiteElo "2280"]
[BlackElo "2373"]
[PlyCount "80"]
[EventDate "2001.09.17"]
[EventType "swiss"]
[EventRounds "9"]
[EventCountry "ARG"]
[SourceTitle "CBM 084 Extra"]
[Source "ChessBase"]
[SourceDate "2001.10.26"]
[SourceVersion "1"]
[SourceVersionDate "2001.10.26"]
[SourceQuality "1"]

1. e4 c5 2. Nf3 g6 3. c3 Bg7 4. d4 cxd4 5. cxd4 d5 6. exd5 Nf6 7. Bb5+ Nbd7 8. d6 exd6 9. Qe2+ Qe7 10. Bf4 Qxe2+ 11. Bxe2 Ke7 12. Nc3 Nb6 13. 0-0 h6 14. Rfe1 Be6 15. Bd3 Nfd5 16. Nxd5+ Nxd5 17. Bd2 a6 18. Re2 Kd7 19. Rae1 Rhe8 20. h3 Nc7 21. b3 Bd5 22. Be4 Bxe4 23. Rxe4 Rxe4 24. Rxe4 Nd5 25. Kf1 Rc8 26. Re2 Rc2 27. Be3 Rxe2 28. Kxe2 Nc3+ 29. Kd3 Nxa2 30. Bd2 Kc6 31. Ne1 d5 32. Nc2 h5 33. g4 hxg4 34. hxg4 Bf8 35. g5 Be7 36. f4 Bd6 37. Ke2 Bc7 38. Ne1 a5 39. Nd3 b5 40. Kd1 Kd7 0-1

[Event "Mercosur Cup 4th"]
[Site "Vicente Lopez"]
[Date "2001.07.05"]
[Round "10"]
[White "Andres Mendez, Miguel"]
[Black "Hoffman, Alejandro"]
[Result "0-1"]
[WhiteElo "2382"]
[BlackElo "2453"]
[PlyCount "54"]
[EventDate "2001.06.23"]
[EventType "tourn"]
[EventRounds "9"]
[EventCountry "ARG"]
[EventCategory "8"]
[SourceTitle "EXT 2002"]
[Source "ChessBase"]
[SourceDate "2001.11.25"]
[SourceVersion "1"]
[SourceVersionDate "2001.11.25"]
[SourceQuality "1"]

1. e4 c5 2. Nf3 d6 3. d4 cxd4 4. Qxd4 Nc6 5. Bb5 Bd7 6. Bxc6 Bxc6 7. Nc3 Nf6 8. Bg5 e6 9. 0-0-0 Be7 10. Rhe1 0-0 11. Kb1 h6 12. Bh4 Re8 13. h3 Qa5 14. Qd2 Qb6 15. Nd4 Rac8 16. g4 a5 17. Re2 Bd7 18. f4 d5 19. Bxf6 Bxf6 20. g5 hxg5 21. fxg5 Be7 22. exd5 Bb4 23. dxe6 Bxe6 24. Re3 Red8 25. g6 Rc4 26. gxf7+ Bxf7 27. Rd3 Rdxd4 0-1

[Event "Mercosur Cup 4th"]
[Site "Vicente Lopez"]
[Date "2001.07.02"]
[Round "8"]
[White "Rodriguez Vila, Andres"]
[Black "Andres Mendez, Miguel"]
[Result "1/2-1/2"]
[WhiteElo "2500"]
[BlackElo "2382"]
[PlyCount "32"]
[EventDate "2001.06.23"]
[EventType "tourn"]
[EventRounds "9"]
[EventCountry "ARG"]
[EventCategory "8"]
[SourceTitle "EXT 2002"]
[Source "ChessBase"]
[SourceDate "2001.11.25"]
[SourceVersion "1"]
[SourceVersionDate "2001.11.25"]
[SourceQuality "1"]

1. e4 c5 2. Nf3 g6 3. d3 Bg7 4. g3 Nc6 5. Bg2 Nf6 6. c3 0-0 7. 0-0 e5 8. Nbd2 d5 9. exd5 Nxd5 10. Re1 Qc7 11. Qb3 Nde7 12. Nc4 Bf5 13. Bg5 Rad8 14. Nfd2 Rxd3 15. Ne4 b6 16. Qb5 Rdd8 1/2-1/2

[Event "Mercosur Cup 4th"]
[Site "Vicente Lopez"]
[Date "2001.06.28"]
[Round "5"]
[White "Andres Mendez, Miguel"]
[Black "Slipak, Sergio"]
[Result "1/2-1/2"]
[WhiteElo "2382"]
[BlackElo "2448"]
[PlyCount "86"]
[EventDate "2001.06.23"]
[EventType "tourn"]
[EventRounds "9"]
[EventCountry "ARG"]
[EventCategory "8"]
[SourceTitle "EXT 2002"]
[Source "ChessBase"]
[SourceDate "2001.11.25"]
[SourceVersion "1"]
[SourceVersionDate "2001.11.25"]
[SourceQuality "1"]

1. e4 e5 2. Nf3 Nc6 3. Nc3 Nf6 4. d4 exd4 5. Nxd4 Bb4 6. Nxc6 bxc6 7. Bd3 d5 8. exd5 cxd5 9. 0-0 0-0 10. Bg5 c6 11. Qf3 Bd6 12. Rae1 Rb8 13. Nd1 Bc7 14. Bf4 Be6 15. b3 Rb4 16. Bg3 c5 17. Ne3 Bxg3 18. hxg3 g6 19. c3 Rb6 20. g4 d4 21. cxd4 cxd4 22. Nc4 Bxg4 23. Qf4 Rb4 24. Ne5 Bd7 25. Bc4 Bb5 26. Rd1 Bxc4 27. Nxc4 d3 28. Rfe1 Kg7 29. Re3 Rb5 30. Rexd3 Qe7 31. Re3 Qc5 32. Re5 Qb4 33. Rd6 Ng4 34. Re7 h5 35. Qd4+ Kh7 36. Rdd7 Rf5 37. Rb7 Qc5 38. Rxf7+ R8xf7 39. Rxf7+ Kh6 40. Qh8+ Kg5 41. Qd8+ Kh6 42. Qh8+ Kg5 43. Qd8+ Kh6 1/2-1/2

[Event "Rosario Bandera op"]
[Site "Rosario"]
[Date "2001.06.17"]
[Round "3"]
[White "Soppe, Guillermo"]
[Black "Andres Mendez, Miguel"]
[Result "1-0"]
[WhiteElo "2474"]
[BlackElo "2382"]
[PlyCount "55"]
[EventDate "2001.06.16"]
[EventType "swiss"]
[EventRounds "7"]
[EventCountry "ARG"]
[SourceTitle "EXT 2002"]
[Source "ChessBase"]
[SourceDate "2001.11.25"]
[SourceVersion "1"]
[SourceVersionDate "2001.11.25"]
[SourceQuality "1"]

1. d4 Nf6 2. Nf3 c5 3. e3 g6 4. dxc5 Bg7 5. c3 0-0 6. b4 a5 7. Bb2 b6 8. cxb6 Qxb6 9. b5 Ne4 10. Be2 a4 11. Qc2 d5 12. 0-0 Bf5 13. Qd1 a3 14. Nxa3 Nxc3 15. Qd2 Ne4 16. Qxd5 Bxb2 17. Nc4 Nc3 18. Nxb6 Nxd5 19. Nxd5 Bxa1 20. Nxe7+ Kh8 21. Rxa1 Be6 22. a4 Ra5 23. Nd4 Bd7 24. h3 Re8 25. Nd5 Rc8 26. Nb6 Rc5 27. Nc4 Ra8 28. a5 1-0

[Event "FMDA-chT Superior"]
[Site "Buenos Aires"]
[Date "2000.12.06"]
[Round "2"]
[White "Andres Mendez, Miguel"]
[Black "Lopez, Noberto"]
[Result "1-0"]
[WhiteElo "2382"]
[BlackElo "2249"]
[PlyCount "105"]
[EventDate "2000.12.02"]
[EventType "team"]
[EventRounds "7"]
[EventCountry "ARG"]
[SourceTitle "EXT 2002"]
[Source "ChessBase"]
[SourceDate "2001.11.25"]
[SourceVersion "1"]
[SourceVersionDate "2001.11.25"]
[SourceQuality "1"]

1. e4 Nf6 2. Nc3 d5 3. e5 d4 4. exf6 dxc3 5. fxg7 cxd2+ 6. Qxd2 Qxd2+ 7. Bxd2 Bxg7 8. 0-0-0 Nc6 9. Ne2 0-0 10. Nf4 Bf5 11. Bd3 Bxd3 12. Nxd3 Rad8 13. Rhe1 Rd7 14. Nc5 Rd5 15. Be3 Rfd8 16. Rxd5 Rxd5 17. f4 b6 18. Ne4 e6 19. c3 Na5 20. b3 Kf8 21. Kc2 c5 22. Bf2 Rf5 23. Be3 Nc6 24. Rd1 Ke7 25. Rd6 Nd8 26. c4 Rh5 27. h3 f5 28. Ng3 Rh6 29. Rd3 Rg6 30. Bd2 Nc6 31. Kd1 Bf6 32. Ke2 Bh4 33. Be1 Nd4+ 34. Kf1 e5 35. fxe5 f4 36. Rxd4 Bxg3 37. Rd2 Ke6 38. Bxg3 fxg3 39. Ke2 Rg7 40. Kf3 h5 41. Rd6+ Kxe5 42. Rd5+ Kf6 43. Rxh5 Rd7 44. Rd5 Re7 45. Rd2 Rg7 46. Kf4 Ke6 47. Rd3 a6 48. Rxg3 Rf7+ 49. Ke3 Rf1 50. Rg6+ Ke5 51. Rxb6 Re1+ 52. Kf3 a5 53. Rb5 1-0

[Event "Vicente Lopez Rubinstein op"]
[Site "Vicente Lopez"]
[Date "2000.11.19"]
[Round "4"]
[White "Paglilla, Carlos"]
[Black "Andres Mendez, Miguel"]
[Result "1/2-1/2"]
[WhiteElo "2389"]
[BlackElo "2382"]
[PlyCount "98"]
[EventDate "2000.11.16"]
[EventType "swiss"]
[EventRounds "9"]
[EventCountry "ARG"]
[SourceTitle "EXT 2002"]
[Source "ChessBase"]
[SourceDate "2001.11.25"]
[SourceVersion "1"]
[SourceVersionDate "2001.11.25"]
[SourceQuality "1"]

1. e4 c5 2. Nf3 g6 3. d4 Bg7 4. Nc3 cxd4 5. Nxd4 Nc6 6. Nb3 Nf6 7. Be2 0-0 8. 0-0 d6 9. Bg5 a6 10. Qd2 b5 11. a3 Re8 12. Bh6 Bh8 13. Be3 Bb7 14. f4 Na5 15. Nxa5 Qxa5 16. Bf3 Rac8 17. Bd4 Rc4 18. e5 Bxf3 19. Rxf3 dxe5 20. Bxe5 b4 21. Nd1 Qc5+ 22. Ne3 bxa3 23. Rxa3 Ng4 24. Bxh8 Nxe3 25. Qxe3 Qxe3+ 26. Raxe3 Kxh8 27. c3 e6 28. f5 gxf5 29. Rxf5 Re7 30. Ra5 Rc6 31. Kf2 Rb7 32. b4 Rbc7 33. Ra3 Kg7 34. Ke2 f5 35. Kd2 Kf6 36. Ra5 Rg7 37. g3 h5 38. Ra3 Rg4 39. h3 Rgc4 40. Rf3 Ke5 41. Ra5+ Kf6 42. Ra1 Ke5 43. Re1+ Kf6 44. h4 Rc7 45. Rd3 R7c6 46. Rf1 a5 47. bxa5 Ra4 48. Rd8 Rxa5 49. Rh8 Ra2+ 1/2-1/2

[Event "ARG-chT"]
[Site "Argentina"]
[Date "2000.06.04"]
[Round "6"]
[White "Bonaveri, Agustin"]
[Black "Andres Mendez, Miguel"]
[Result "0-1"]
[WhiteElo "2345"]
[BlackElo "2382"]
[PlyCount "48"]
[EventDate "2000.??.??"]
[EventType "team"]
[EventRounds "7"]
[EventCountry "ARG"]
[SourceTitle "EXT 2001"]
[Source "ChessBase"]
[SourceDate "2000.11.22"]
[SourceVersion "1"]
[SourceVersionDate "2000.11.22"]
[SourceQuality "1"]

1. e4 c5 2. Nc3 Nc6 3. g3 g6 4. Bg2 Bg7 5. d3 d6 6. f4 e5 7. Nh3 Nge7 8. 0-0 h6 9. Be3 Be6 10. Qd2 Qd7 11. Nf2 exf4 12. Bxf4 g5 13. Be3 f5 14. Ne2 Ne5 15. c3 0-0 16. Kh1 fxe4 17. Nxe4 Bh3 18. Ng1 Bxg2+ 19. Kxg2 Qc6 20. c4 Nxc4 21. Qe2 Nxe3+ 22. Qxe3 Nf5 23. Qe2 d5 24. Nd2 Rae8 0-1

[Event "Buenos Aires CABJ Sup"]
[Site "Buenos Aires"]
[Date "1998.12.11"]
[Round "3"]
[White "Andres Mendez, Miguel"]
[Black "Roselli Mailhe, Bernardo"]
[Result "1/2-1/2"]
[WhiteElo "2370"]
[BlackElo "2385"]
[PlyCount "25"]
[EventDate "1998.12.??"]
[EventType "tourn"]
[EventRounds "9"]
[EventCountry "ARG"]
[EventCategory "2"]
[SourceTitle "EXT 2002"]
[Source "ChessBase"]
[SourceDate "2001.11.25"]
[SourceVersion "1"]
[SourceVersionDate "2001.11.25"]
[SourceQuality "1"]

1. e4 c5 2. Nc3 e6 3. Nge2 Nc6 4. d4 cxd4 5. Nxd4 Nf6 6. Ndb5 d6 7. Bf4 e5 8. Bg5 a6 9. Na3 b5 10. Nd5 Qa5+ 11. Bd2 Qd8 12. Bg5 Qa5+ 13. Bd2 1/2-1/2

[Event "Najdorf Festival op"]
[Site "Buenos Aires"]
[Date "1998.11.01"]
[Round "9"]
[White "Andres Mendez, Miguel"]
[Black "Panno, Oscar"]
[Result "1-0"]
[WhiteElo "2370"]
[BlackElo "2465"]
[PlyCount "68"]
[EventDate "1998.10.??"]
[EventType "swiss"]
[EventRounds "9"]
[EventCountry "ARG"]
[SourceTitle "CBM 067 Extra"]
[Source "ChessBase"]
[SourceDate "1999.01.01"]
[SourceVersion "1"]
[SourceVersionDate "1999.01.01"]
[SourceQuality "1"]

1. e4 c5 2. Nf3 e6 3. d4 cxd4 4. Nxd4 a6 5. Nd2 d6 6. g3 b6 7. Bg2 Bb7 8. 0-0 Nd7 9. a4 Qc7 10. c4 Ngf6 11. a5 Be7 12. Qe2 0-0 13. axb6 Qxb6 14. N2b3 Nc5 15. Na5 Bxe4 16. Bxe4 Ncxe4 17. Ndc6 Rfe8 18. b4 h6 19. Be3 Qc7 20. f3 Ng5 21. Rfb1 Nd7 22. b5 axb5 23. cxb5 Bf6 24. b6 Nxb6 25. Bxb6 Qd7 26. Ra2 e5 27. h4 Ne6 28. Bf2 d5 29. Rd2 Nd4 30. Nxd4 Rxa5 31. Nc2 d4 32. Kg2 h5 33. Qe4 Rc8 34. Ne1 g6 1-0

[Event "Najdorf Festival op"]
[Site "Buenos Aires"]
[Date "1998.10.28"]
[Round "5"]
[White "Andres Mendez, Miguel"]
[Black "Iacobacci, Eduardo"]
[Result "1/2-1/2"]
[WhiteElo "2370"]
[BlackElo "2200"]
[PlyCount "68"]
[EventDate "1998.10.??"]
[EventType "swiss"]
[EventRounds "9"]
[EventCountry "ARG"]
[SourceTitle "EXT 2002"]
[Source "ChessBase"]
[SourceDate "2001.11.25"]
[SourceVersion "1"]
[SourceVersionDate "2001.11.25"]
[SourceQuality "1"]

1. e4 c5 2. Nf3 e6 3. d4 cxd4 4. Nxd4 Nc6 5. Nc3 Qc7 6. g3 a6 7. Bg2 Nf6 8. 0-0 Be7 9. Re1 0-0 10. Nxc6 dxc6 11. e5 Rd8 12. Qf3 Nd5 13. h4 Nxc3 14. Qxc3 a5 15. Bg5 Bxg5 16. hxg5 Bd7 17. Be4 c5 18. Rad1 Bb5 19. Qe3 g6 20. Qf4 Bc6 21. Rd6 Bxe4 22. Rxe4 Ra6 23. Rxd8+ Qxd8 24. Re3 Qd1+ 25. Kg2 Ra8 26. Qe4 Rd8 27. Qxb7 Qxc2 28. Rf3 Rf8 29. Rc3 Qa4 30. Rxc5 Qxa2 31. Qb5 a4 32. Qb4 Ra8 33. Qb7 Rd8 34. Qb6 Ra8 1/2-1/2

[Event "Torre Blanca ITT"]
[Site "Buenos Aires"]
[Date "1997.??.??"]
[Round "5"]
[White "Andres Mendez, Miguel"]
[Black "Ferraro, Fabian"]
[Result "1/2-1/2"]
[WhiteElo "2355"]
[BlackElo "2245"]
[PlyCount "29"]
[EventDate "1997.??.??"]
[EventType "tourn"]
[EventRounds "11"]
[EventCountry "ARG"]
[SourceTitle "EXT 2005"]
[Source "ChessBase"]
[SourceDate "2004.11.15"]
[SourceVersion "1"]
[SourceVersionDate "2004.11.15"]
[SourceQuality "1"]

1. e4 e6 2. d4 d5 3. Nc3 Nf6 4. e5 Nfd7 5. Nf3 c5 6. dxc5 Nc6 7. Bf4 Bxc5 8. Bd3 f6 9. exf6 Nxf6 10. 0-0 0-0 11. Ne5 Bd7 12. Qe2 Qe7 13. Rae1 Rae8 14. Kh1 a6 15. Bg3 1/2-1/2

[Event "Torre Blanca ITT"]
[Site "Buenos Aires"]
[Date "1997.??.??"]
[Round "11"]
[White "Roselli Mailhe, Bernardo"]
[Black "Andres Mendez, Miguel"]
[Result "1/2-1/2"]
[WhiteElo "2425"]
[BlackElo "2355"]
[PlyCount "22"]
[EventDate "1997.??.??"]
[EventType "tourn"]
[EventRounds "11"]
[EventCountry "ARG"]
[SourceTitle "EXT 2005"]
[Source "ChessBase"]
[SourceDate "2004.11.15"]
[SourceVersion "1"]
[SourceVersionDate "2004.11.15"]
[SourceQuality "1"]

1. e4 e5 2. Nf3 Nc6 3. Bb5 a6 4. Bxc6 dxc6 5. d4 exd4 6. Qxd4 Qxd4 7. Nxd4 Bd7 8. Nc3 0-0-0 9. Be3 Bb4 10. Nde2 Ne7 11. 0-0-0 f5 1/2-1/2

[Event "Pico City op"]
[Site "Pico City"]
[Date "1996.??.??"]
[Round "1"]
[White "Andres Mendez, Miguel"]
[Black "Garcia Palermo, Carlos H"]
[Result "0-1"]
[WhiteElo "2340"]
[BlackElo "2495"]
[PlyCount "38"]
[EventDate "1996.??.??"]
[EventType "swiss"]
[EventRounds "9"]
[EventCountry "ARG"]
[SourceTitle "EXT 1998"]
[Source "ChessBase"]
[SourceDate "1997.11.17"]
[SourceVersion "1"]
[SourceVersionDate "1997.11.17"]
[SourceQuality "1"]

1. e4 c6 2. d4 d5 3. Nd2 g6 4. Ngf3 Bg7 5. h3 Nh6 6. Bd3 0-0 7. 0-0 f6 8. Re1 Nf7 9. c4 e6 10. Qb3 b6 11. Nf1 dxe4 12. Bxe4 f5 13. Bc2 c5 14. Be3 cxd4 15. Bxd4 Bxd4 16. Nxd4 Qxd4 17. Qf3 Qd7 18. Qxa8 Nc6 19. Rad1 Qc7 0-1

[Event "Buenos Aires CAA ITT"]
[Site "Buenos Aires"]
[Date "1996.??.??"]
[Round "8"]
[White "Andres Mendez, Miguel"]
[Black "Navarro, Nelson"]
[Result "1/2-1/2"]
[WhiteElo "2330"]
[BlackElo "2375"]
[PlyCount "32"]
[EventDate "1996.??.??"]
[EventType "tourn"]
[EventRounds "9"]
[EventCountry "ARG"]
[EventCategory "3"]
[SourceTitle "EXT 2001"]
[Source "ChessBase"]
[SourceDate "2000.11.22"]
[SourceVersion "1"]
[SourceVersionDate "2000.11.22"]
[SourceQuality "1"]

1. e4 c5 2. Nf3 d6 3. d4 cxd4 4. Qxd4 Nc6 5. Bb5 Bd7 6. Bxc6 Bxc6 7. Nc3 Nf6 8. Bg5 e6 9. 0-0-0 Be7 10. Rhe1 0-0 11. Kb1 Qc7 12. Qd3 Rfc8 13. Nd4 a6 14. f3 b5 15. Nce2 Be8 16. g4 Rab8 1/2-1/2

[Event "Buenos Aires CAA ITT"]
[Site "Buenos Aires"]
[Date "1996.??.??"]
[Round "4"]
[White "Andres Mendez, Miguel"]
[Black "Tchimino, Joe"]
[Result "0-1"]
[WhiteElo "2330"]
[BlackElo "2165"]
[PlyCount "106"]
[EventDate "1996.??.??"]
[EventType "tourn"]
[EventRounds "9"]
[EventCountry "ARG"]
[EventCategory "3"]
[SourceTitle "EXT 2001"]
[Source "ChessBase"]
[SourceDate "2000.11.22"]
[SourceVersion "1"]
[SourceVersionDate "2000.11.22"]
[SourceQuality "1"]

1. e4 e5 2. Nf3 Nc6 3. Nc3 Nf6 4. d4 exd4 5. Nxd4 d6 6. Bb5 Bd7 7. Bxc6 bxc6 8. 0-0 Be7 9. Re1 0-0 10. Bf4 Re8 11. h3 a5 12. Qf3 Qb8 13. b3 Qb7 14. e5 Nd5 15. exd6 cxd6 16. Nxd5 cxd5 17. Rad1 a4 18. Re3 Bf8 19. Rde1 Rxe3 20. Rxe3 g6 21. Bg5 Rc8 22. c3 axb3 23. axb3 Re8 24. Rxe8 Bxe8 25. Bf6 Bd7 26. b4 Ba4 27. Ne2 Bb3 28. Bd4 Qe7 29. Nf4 Qe4 30. Qg4 f5 31. Qg3 Bg7 32. Bxg7 Kxg7 33. h4 Kf7 34. h5 gxh5 35. Nxh5 Qg4 36. Qxg4 fxg4 37. b5 Ke7 38. Nf6 d4 39. c4 Kxf6 40. b6 d3 41. b7 d2 42. b8Q d1Q+ 43. Kh2 Bxc4 44. Qh8+ Kg6 45. Qe8+ Bf7 46. Qe4+ Kg7 47. Qf4 h6 48. Qg3 Qd4 49. f3 Qe5 50. f4 Qh5+ 51. Kg1 Qf5 52. Kh2 h5 53. Qe3 h4 0-1